Statystyki dla Quiz o Ekstraklasie

Kliknij tutaj aby rozwiązać quiz!

Ogólne statystyki

  • Ten quiz został rozwiązany 215 razy
  • Średni wynik to 9 z 15

Statystyki odpowiedzi

ZagadnienieOdpowiedź% Poprawnych
Jaki jest główny sponsor Ekstraklasy?PKO
94%
I na koniec. Jaki klub NIE spadł w poprzednim sezonie Ekstraklasy?Piast Gliwice
81%
Miasto, które NIE ma swojego klubu w obecnym sezonie ekstraklasy toLublin
77%
Która drużyna zajmuje pierwsze miejsce w tabeli wszechczasów Ekstraklasy?Legia Warszawa
74%
Który klub z Ekstraklasy ma najwięcej Pucharów Polski na swoim koncie?Legia Warszawa
70%
Która z drużyn NIE jest tegorocznym beniaminkiem Ekstraklasy?Wisła Płock
69%
Do ilu drużyn powiększy się PKO Ekstraklasa po tym sezonie?18
57%
Jaki zespół został ukarany przed sezonem karą -5 punktów za działania korupcyjne?Cracovia
55%
Na rozgrzewkę, Ile zespołów gra aktualnie w Ekstraklasie?16
52%
W którym roku odbył się pierwszy sezon Ekstraklasy (pod zmienioną nazwą)?1927
47%
Teraz trochę historii. Kto zdobył pierwsze mistrzostwo Polski?Cracovia
46%
Jaki klub z podanych NIE ma 14 mistrzostw Polski ( TOP 4 drużyny z największą ilością MP)?Wisła Kraków
44%
Od którego sezonu po sezonie zasadniczym nie następuje podział na grupę mistrzowską i spadkową2020/21
43%
Ile Brighton & Hove Albion musiało zapłacić za Jakub Modera - najdroższy transfer w historii Ekstraklasy?11 mln euro
41%
Który klub najwięcej Razy wygrał Superpuchar Polski?Lech Poznań
41%

Rozkład punktacji

Percentyl według liczby udzielonych odpowiedzi

Procent ludzi z każdym wynikiem

Twoja historia wyników

Nie rozwiązałeś tego quizu